[Event "It (cat.9)"]
[Site "masterchessopen.com Kish (Iran)"]
[Date "2005.02.04"]
[Round "4"]
[White "Asanov Bolat (KAZ)"]
[Black "Kunte Abhijit (IND)"]
[Result "0-1"]
[WhiteElo "2449"]
[BlackElo "2553"]

{ Asanov Bolat (KAZ) +0 =1 -0 Kunte Abhijit (IND) +4 =5 -0 } 1.d4 Nf6 2.c4 e6
3.g3 d5 4.Nf3 Bb4+ 5.Bd2 Be7 6.Bg2 c6 ( 6...O-O 7.O-O c6 8.Qc2 Nbd7 9.Rd1 b6
10.b3 a5 11.Bc3 Ba6 12.Nbd2 b5 13.e4 dxe4 14.Ne5 Bb7 15.Nxe4 b4 16.Bd2 Qc8
17.Bg5 Re8 18.Nxd7 Qxd7 19.Nxf6+ gxf6 20.Bf4 Bf8 21.Rd3 f5 22.Be5 Qe7 23.Re1
Rad8 24.Qe2 Rd7 25.g4 f6 26.Bf4 { ...1/2-1/2, Bernasek Jan 2384 - Kunte
Abhijit 2550 , Olomouc 8. 7.2004 It (cat.9) "Skanska Cup" } ) 7.Qb3 { ?/= }
7...Nbd7 ( 7...O-O 8.O-O b6 9.cxd5 cxd5 10.Rc1 Ba6 11.Bf1 Ne4 12.Bb4 Nd6
13.Na3 Bb7 14.Bxd6 Bxd6 15.Nb5 Nc6 16.Nxd6 Qxd6 17.Rc3 Rfc8 { 1/2-1/2,
Malaniuk Vladimir P 2580 - Tiviakov Sergei 2655 , Montecatini Terme 1995 It
(open) } ) ( 7...b6 8.Nc3 Ba6 9.cxd5 cxd5 10.Rc1 O-O 11.O-O Bb7 12.Nb5 Nc6
13.Ne5 Nxe5 14.dxe5 Nd7 15.Qe3 Bc5 16.Qf4 a5 17.Bc3 Ba6 18.a4 Bxb5 19.axb5 Qe7
20.Rcd1 Rac8 21.e4 d4 22.Bxd4 Bxd4 23.Rxd4 Rc5 24.Qd2 Nxe5 25.f4 Ng6 26.Qd3
Rfc8 27.Rd7 { ...0-1, Filippov Valerij 2616 - Mitkov Nikola 2534 , Las Vegas
2002 It "North American Open" } ) 8.O-O ( 8.Bf4 O-O 9.O-O b6 10.Nc3 Ba6
11.cxd5 Nxd5 12.Qa4 Nxf4 13.gxf4 Bb7 14.Rfd1 Qc7 15.e3 Rac8 16.Rac1 Qb8 17.Ne5
Nxe5 18.dxe5 Rc7 19.Rd2 a6 20.Qb3 b5 21.a4 c5 22.axb5 Bxg2 23.Kxg2 Qb7+ 24.Kg1
c4 25.Qa4 axb5 26.Qxb5 Qf3 27.Ne2 h5 { ...1-0, Khalifman Alexander 2669 -
Alekseev Evgeny 2604 , St. Petersburg 5.2004 Ch Russia (qual) } ) 8...a5 (
8...O-O 9.Rc1 Ne4 10.Be3 b6 11.Nc3 Nd6 12.cxd5 cxd5 13.Bf4 Bb7 14.Nb5 Nc4
15.a4 a6 16.Na3 g5 17.Be3 g4 18.Nd2 Nxe3 19.Qxe3 Bg5 20.Qd3 f5 21.e3 Be7
22.Nc2 a5 23.Na3 Nf6 24.Nb5 Rc8 25.Rc2 Rxc2 26.Qxc2 Qd7 27.Nb1 Rc8 28.N1c3 {
...1/2-1/2, Bareev Evgeny 2729 - Shirov Alexei 2723 , Moscow 2002 Match
"Russia-All World" } ) ( 8...Nb6 9.Ba5 dxc4 10.Qc2 Qd5 11.Bxb6 axb6 12.Ne5
Qxd4 13.Nxc6 Qc5 14.Nxe7 Kxe7 15.Nd2 b5 16.Rfd1 Ra6 17.b3 Rd6 18.Ne4 Nxe4
19.Qxe4 Rhd8 20.Rxd6 Rxd6 21.Qxh7 c3 22.Be4 Rd2 23.b4 Qe5 24.Re1 Rxa2 25.Rd1
Rxe2 26.Qg8 Rd2 27.Rc1 Bd7 28.Qh7 { ...0-1, Ippolito Dean 2390 - Schlosser
Philipp 2550 , Groningen 1997 It (open) } ) ( 8...b6 9.cxd5 cxd5 10.Rc1 Bb7
11.Bb4 Bxb4 12.Qxb4 Qe7 13.Qa4 Qd6 14.Na3 a6 15.Nc2 O-O 16.Nb4 Rfc8 17.Nd3 a5
18.Nfe5 Rxc1+ 19.Rxc1 Rc8 20.Rxc8+ Bxc8 21.Qc2 Ba6 22.Bf1 Bxd3 23.Nxd3 Ne8
24.e3 Qc7 25.Qxc7 { 1/2-1/2, Andersson Ulf 2605 - Seirawan Yasser 2605 ,
Tilburg 1992 It (play-off) "Interpolis" } ) 9.Nc3 O-O 10.Rfd1 { +0.00 CAP } (
10.Rad1 a4 11.Qc2 a3 12.b3 b5 13.c5 b4 14.Na4 Qa5 15.Ne1 Ba6 16.Nd3 Rab8
17.Rfe1 Bxd3 18.Qxd3 Qb5 19.Qc2 e5 20.dxe5 Nxe5 21.Bf4 Nfd7 22.e4 d4 23.Rxd4
Rb7 24.Red1 g5 25.Bxe5 Nxe5 26.h3 h5 27.f4 Ng6 28.e5 h4 29.Be4 Kg7 { ...1-0,
Prudnikova Svetlana 2385 - Matveeva Svetlana 2470 , Niksic 1997 Ch Yugoslavia
(team) (w) } ) 10...h6 { N } ( 10...a4 11.Nxa4 dxc4 12.Qc2 b5 13.Nc3 Bb7 14.e4
b4 15.e5 bxc3 16.exf6 Nxf6 17.Bxc3 Qc7 18.Ne5 c5 19.Nxc4 Bxg2 20.Kxg2 Qb7+
21.f3 Rfc8 22.dxc5 Rxc5 23.Bd4 Rf5 24.Qe2 h5 25.Bxf6 gxf6 26.Nd6 Bxd6 27.Rxd6
h4 28.Rd3 hxg3 29.hxg3 Kg7 30.b3 { ...1/2-1/2, Gleizerov Evgeny 2579 -
Yegiazarian Arsen 2521 , Calcutta 2002 It (open) } ) ( 10...Nb6 11.c5 Nbd7
12.Qc2 b6 13.cxb6 Nxb6 14.Ne5 Bb7 15.Na4 Nxa4 16.Qxa4 c5 17.Bc3 Rc8 18.Rac1
Bd6 19.Bd2 cxd4 20.Qxd4 Bxe5 21.Qxe5 Qb6 22.Bc3 Rfd8 23.Qd4 Qa6 24.Qd2 a4
25.Bxf6 gxf6 26.Qh6 Qxe2 27.Qxf6 Qg4 28.Bf3 Qg7 29.Qe7 Ba6 30.Rc7 {
...1/2-1/2, Djachkov Sergej 2387 - Karpeshov Oleg 2415 , Samara 2003 It (open)
} ) ( 10...b6 11.cxd5 exd5 12.Bf4 Ba6 13.Ne5 Nxe5 14.Bxe5 Bb4 15.e4 dxe4
16.Nxe4 Nd5 17.a3 Be7 18.Nc3 Bb7 19.Nxd5 cxd5 20.Rac1 a4 21.Qc2 Ba6 22.Bc7 Qd7
23.Qc6 Qxc6 24.Rxc6 Rfc8 25.Bh3 Bb5 26.Rcc1 Re8 27.Bxb6 Bc4 28.Bc5 Bg5 29.f4
Bf6 30.Bb4 { ...1/2-1/2, Gleizerov Evgeny 2539 - Shaposhnikov Evgeny 2578 ,
Kaluga 2003 Memorial K.Tsiolkovsky (open) } ) ( 10...Re8 11.Bf4 a4 12.Qc2 dxc4
13.Ne5 Nb6 14.Ne4 a3 15.Rab1 Nfd5 16.Nxc4 Nb4 17.Qb3 Nxc4 18.Qxc4 axb2 19.Rxb2
e5 20.Bxe5 Be6 21.Qc3 f6 22.Bf4 Nxa2 23.Qd2 b5 24.Ra1 Bb4 25.Qc2 Qxd4 26.Raxa2
Rxa2 27.Rxa2 Bxa2 28.Qxa2+ Kh8 29.h4 h6 30.Qc2 { ...1-0, Sorokin Maxim 2570 -
Giaccio Alfredo 2460 , Buenos Aires 1998 Ch Argentina } ) 11.cxd5 { ?! } (
11.Bf4 { !? } 11...Nh5 12.Bd2 Nhf6 13.Rac1 { } ) 11...exd5 12.Qc2 Bd6 13.Nh4
Re8 14.Nf5 Bf8 15.h3 Nb6 16.g4 Nc4 17.Bf4 Bxf5 18.gxf5 Nh5 19.Bc1 Nd6 20.f3
Be7 21.e4 Bg5 22.b3 Bxc1 23.Raxc1 Qg5 24.Re1 Nf4 25.Kh2 Re7 { ?! } ( 25...Qh4
{ !? } 26.Rf1 a4 27.b4 Nc4 { } ) 26.f6 { ? } ( { ? } 26.Rg1 Nh5 27.Ne2 Qh4
28.e5 { } ) 26...Qxf6 27.e5 Qf5 28.Ne4 Nxe4 { ? } ( { ? } 28...Nxg2 29.Qxg2
dxe4 30.exd6 exf3 { } ) 29.fxe4 dxe4 30.Rxe4 Ne6 31.Rf1 Qg6 32.Qc3 Rd8 { ?! }
( 32...h5 { !? } 33.Qd2 a4 34.Re3 axb3 { } ) 33.Rg4 Qh5 34.Bf3 g5 35.Bd1 Qg6
36.Bc2 { ?! } ( 36.Rf6 { !? } 36...Qg7 37.Be2 a4 38.bxa4 { } ) 36...Qg7 37.Rf6
h5 38.Rg1 { ? } ( { ? } 38.Rg3 Nxd4 39.Qc5 Re6 40.Be4 { } ) 38...Nxd4 39.Qd3
Rxe5 { } {#R} 0-1

[Event "It (cat.9)"]
[Site "masterchessopen.com Tula (Russia)"]
[Date "2010.08.20"]
[Round "13"]
[White "Biriukov Ilja (RUS)"]
[Black "Poletov Vladimir (RUS)"]
[Result "1-0"]
[WhiteElo "2285"]
[BlackElo "2338"]

1.d4 d5 2.c4 e6 3.Nf3 Nf6 4.g3 Bb4+ 5.Bd2 a5 6.Qc2 O-O 7.Bg2 c6 8.O-O Ne4 9.a3
Nxd2 10.Nbxd2 Be7 11.e4 dxe4 12.Nxe4 Nd7 13.Rad1 f5 14.Nc3 Nf6 15.Rfe1 Qc7
16.Ng5 Ng4 17.Nxe6 Bxe6 18.Rxe6 Bf6 19.Qxf5 Nxh2 20.Kxh2 Bxd4 21.Qg4 Bxf2
22.Red6 Rad8 23.Rxd8 Rxd8 24.Qf4 Bb6 25.Qxc7 Bxc7 26.Rxd8+ Bxd8 27.c5 {#r} 1-0

[Event "It (open)"]
[Site "masterchessopen.com New York (USA)"]
[Round "4"]
[White "Sosonko Gennadi (NED)"]
[Black "Shirazi Kamran (FRA)"]
[Result "1-0"]
[WhiteElo "2565"]
[BlackElo "2465"]

1.d4 d5 2.Nf3 Nf6 3.c4 e6 4.g3 Bb4+ 5.Bd2 Be7 6.Bg2 Ne4 7.O-O O-O 8.Qb3 c6
9.Bb4 Nd6 10.Nbd2 f5 11.Ne5 a5 12.Ba3 b5 13.cxb5 a4 14.Qc2 cxb5 15.Rfc1 Bb7
16.b3 axb3 17.axb3 Na6 18.Nd3 b4 19.Bb2 Qb6 20.Nf3 Ne4 21.e3 Rfc8 22.Qd1 Nc3
23.Qe1 Nb5 24.Bf1 Na3 25.Qd1 Bc6 26.Nfe5 Be8 27.g4 fxg4 28.Qxg4 Rxc1 29.Rxc1
Nc7 30.Nf4 Bf6 31.Bh3 Bxe5 32.dxe5 Bf7 33.Bd4 Qb7 34.Bc5 Re8 35.Bd6 Na6 36.Nd3
Rc8 37.Rxc8+ Qxc8 38.Nxb4 Nxb4 39.Qxb4 Nc2 40.Qc5 Qxc5 41.Bxc5 Ne1 42.Bg4 Nc2
{#r} 1-0

[Event "It (open)"]
[Site "masterchessopen.com New York (USA)"]
[Round "0"]
[White "Smejkal Jan (CZE)"]
[Black "Bischoff Klaus (GER)"]
[Result "1-0"]
[WhiteElo "2540"]
[BlackElo "2495"]

1.d4 e6 2.c4 Nf6 3.Nf3 d5 4.g3 Bb4+ 5.Bd2 Be7 6.Bg2 O-O 7.O-O Nc6 8.Qc2 Ne4
9.Rd1 Nd6 10.b3 a5 11.Be1 Bf6 12.e3 g6 13.Qe2 b6 14.Nc3 Ba6 15.e4 dxc4 16.e5
cxb3 17.Qe3 Nc4 18.Qe4 b2 19.Rab1 Nb4 20.exf6 Qxf6 21.Ne5 Rad8 22.Nxc4 Bxc4
23.Rxb2 Rd7 24.a3 Nd5 25.Nxd5 exd5 26.Qf3 Qg7 27.Bd2 Re8 28.Be3 Rde7 29.Bf1
Bxf1 30.Kxf1 Re4 31.Rc2 R8e7 32.Bg5 Rd7 33.Bf6 Qf8 34.Rdc1 Qc8 35.Rc6 Qa8
36.Be5 f5 37.Qb3 Qa6+ 38.Kg2 f4 39.Rxc7 {#r} 1-0

[Event "It (open)"]
[Site "masterchessopen.com Reykjavik (Iceland)"]
[Round "5"]
[White "Tisdall Jonathan D (NOR)"]
[Black "Einarsson Halldor (ISL)"]
[Result "0-1"]
[WhiteElo "2425"]
[BlackElo "2236"]

1.d4 d5 2.c4 e6 3.Nf3 Nf6 4.g3 Bb4+ 5.Bd2 Be7 6.Bg2 O-O 7.Qc2 c6 8.O-O b6
9.Bf4 Bb7 10.Rd1 Nbd7 11.cxd5 cxd5 12.Nc3 Rc8 13.Qb3 Ne4 14.Rac1 g5 15.Be3
Nxc3 16.Rxc3 Rxc3 17.Qxc3 f6 18.Rc1 Bd6 19.h4 g4 20.Nh2 h5 21.Bh6 Rf7 22.Qd3
f5 23.Qe3 Qe7 24.Bf4 Kh7 25.Nf1 Rg7 26.Nd2 Bxf4 27.Qxf4 Nf8 28.a3 Ng6 29.Qb8
Ba6 30.Bf1 f4 31.Rc6 Bb7 32.Rc1 fxg3 33.fxg3 Rf7 34.Bg2 Ba6 35.e3 Kh6 36.Rc6
Bb7 37.Rc3 Ba6 38.Rc6 Qf6 39.Kh2 Bb5 40.Rc7 Qg7 41.Rxf7 Qxf7 42.Qd8 Qf2
43.Qg5+ Kg7 44.e4 Bc6 45.e5 Bb5 {#R} 0-1

[Event "It (open)"]
[Site "masterchessopen.com New York (USA)"]
[Round "0"]
[White "Romanishin Oleg M (UKR)"]
[Black "Saidy Anthony F (USA)"]
[Result "1-0"]
[WhiteElo "2515"]
[BlackElo "2405"]

1.d4 Nf6 2.Nf3 e6 3.c4 d5 4.g3 Bb4+ 5.Bd2 Be7 6.Bg2 O-O 7.O-O b6 8.cxd5 exd5
9.Nc3 Bb7 10.Rc1 Na6 11.Qa4 c5 12.Rfd1 Ne4 13.Be1 Qe8 14.Qxe8 Rfxe8 15.dxc5
Nxc3 16.Bxc3 bxc5 17.Ne5 Rad8 18.Ba5 Rd6 19.Nc4 Re6 20.e3 dxc4 21.Bxb7 Nb4
22.Rxc4 Nxa2 23.Ra1 Nb4 24.Bxb4 cxb4 25.Bd5 Rd6 26.Rxa7 Kf8 27.e4 Rdd8 28.Rac7
Rb8 29.b3 Red8 30.Kg2 h6 31.h4 Re8 32.R4c6 Red8 33.Bc4 Ra8 34.e5 Rab8 35.f4
Re8 36.Kf3 Red8 37.f5 f6 38.exf6 Bxf6 39.Rf7+ Ke8 40.Rcxf6 gxf6 41.Rxf6 {#r}
1-0

[Event "It (open)"]
[Site "masterchessopen.com St. Ingbert (Germany)"]
[Round "1"]
[White "Appel Ralf (GER)"]
[Black "Dautov Rustem (GER)"]
[Result "1-0"]
[WhiteElo "2529"]
[BlackElo "2535"]

1.d4 d5 2.Nf3 Nf6 3.c4 e6 4.g3 Bb4+ 5.Bd2 Qe7 6.Bg2 O-O 7.O-O Nbd7 8.Bf4 Bd6
9.Nbd2 c6 10.c5 Bb8 11.b4 e5 12.dxe5 Nxe5 13.Nxe5 Bxe5 14.Bxe5 Qxe5 15.Nf3 Qh5
16.a4 Bh3 17.Re1 Bxg2 18.Kxg2 a6 19.e3 Rfe8 20.Nd4 Qg6 21.Qb1 Ne4 22.f3 Ng5
23.g4 Qh6 24.h4 Ne6 25.Nf5 Qf6 26.Qc2 g6 27.Nd6 Re7 28.Kg3 d4 29.Qd2 Qe5+
30.f4 dxe3 31.Qxe3 Qxe3+ 32.Rxe3 Rd7 33.f5 gxf5 34.gxf5 Nd4 35.Kf4 b6 36.Ne4
Kf8 37.Nf6 Rdd8 38.Rg1 Ne6+ 39.fxe6 Ke7 40.Nxh7 {#r} 1-0

[Event "It (open)"]
[Site "masterchessopen.com Katowice (Poland)"]
[Round "8"]
[White "Priehoda Vitezslav (CZE)"]
[Black "Alekseev Andrey (RUS)"]
[Result "1-0"]
[WhiteElo "2415"]
[BlackElo "2290"]

1.d4 d5 2.c4 e6 3.Nf3 Nf6 4.g3 Bb4+ 5.Bd2 Be7 6.Bg2 c6 7.Qc2 O-O 8.O-O Nbd7
9.Rd1 Ne4 10.Be1 f5 11.e3 g5 12.Nfd2 g4 13.Nc3 Qe8 14.Ne2 Bd6 15.Nf4 h5 16.Qb3
Ndf6 17.Nxe4 fxe4 18.Bb4 Bxb4 19.Qxb4 h4 20.Rdc1 Nh7 21.Qd6 Rf6 22.gxh4 Qf8
23.Qxf8+ Nxf8 24.Bf1 Rh6 25.h5 Nh7 26.Be2 Nf6 27.Kh1 Kf7 28.Rg1 Bd7 29.Ng6 Be8
30.Bxg4 Nxg4 31.Rxg4 Rxh5 32.Ne5+ Ke7 33.Rg7+ Kf6 34.Rxb7 Rh4 35.Rg1 Bh5
36.Rgg7 Rh8 37.Kg1 Be8 38.c5 Rxh2 39.Ng4+ {#r} 1-0

[Event "It (open)"]
[Site "masterchessopen.com Pfalz (Germany)"]
[Round "0"]
[White "Kissel Hermann"]
[Black "Von Oppen O"]
[Result "0-1"]
[WhiteElo "1915"]
[BlackElo "2100"]

1.d4 Nf6 2.Nf3 e6 3.c4 d5 4.g3 Bb4+ 5.Bd2 Be7 6.Qc2 O-O 7.Bg2 Nbd7 8.O-O c6
9.b3 Ne4 10.Be3 f5 11.Nbd2 Qe8 12.Nxe4 fxe4 13.Nd2 Qh5 14.f3 Nf6 15.Bf4 Bd7
16.fxe4 g5 17.Be5 Ng4 18.Rxf8+ Rxf8 19.h3 Nxe5 20.dxe5 Qxe2 21.Rf1 Rxf1+
22.Bxf1 {#R} 0-1

[Event "It (open)"]
[Site "masterchessopen.com Clichy (France)"]
[Round "2"]
[White "Spacek Petr (CZE)"]
[Black "Adjem Monder"]
[Result "1-0"]
[WhiteElo "2390"]
[BlackElo "2040"]

1.d4 Nf6 2.c4 e6 3.Nf3 d5 4.g3 Bb4+ 5.Bd2 Bxd2+ 6.Nbxd2 Nbd7 7.Bg2 O-O 8.O-O
Qe7 9.Qc2 c6 10.e4 dxe4 11.Nxe4 Nxe4 12.Qxe4 Rd8 13.Rad1 Nf6 14.Qc2 Bd7 15.Ne5
Be8 16.Rfe1 Rac8 17.c5 Nd7 18.Nc4 Nf6 19.f4 Rc7 20.Nd6 Bd7 21.b4 Ne8 22.Nc4
Qf6 23.Ne5 g6 24.Re3 Bc8 25.Qf2 Qg7 26.g4 f6 27.Nf3 e5 28.fxe5 Bxg4 29.Qh4
Bxf3 30.Rxf3 g5 31.Qg4 Qd7 32.Qg3 fxe5 33.Qxg5+ Ng7 34.Qxe5 Re8 35.Qf4 Qe7
36.d5 cxd5 37.Rf2 Kh8 38.Bxd5 b6 39.c6 Rd8 40.Rdf1 a6 41.Qf8+ {#r} 1-0

[Event "It (open)"]
[Site "masterchessopen.com Metz (France)"]
[Round "4"]
[White "Adrian Claude (FRA)"]
[Black "Petit Rene (FRA)"]
[Result "1-0"]
[WhiteElo "2292"]
[BlackElo "2038"]

1.c4 Nf6 2.Nf3 e6 3.g3 d5 4.d4 Bb4+ 5.Bd2 Bd6 6.Bg2 O-O 7.O-O b6 8.Nc3 Bb7
9.cxd5 exd5 10.Qc2 a6 11.Rad1 Re8 12.Nh4 Nbd7 13.Nf5 Bf8 14.Bg5 h6 15.Bf4 Rc8
16.Rfe1 Ne4 17.Nxe4 dxe4 18.d5 Bd6 19.Qd2 Qf6 20.Bh3 Rcd8 21.Bxd6 cxd6 22.Rc1
Re5 23.Ne3 Re7 24.Qb4 b5 25.Qa5 Ree8 26.Rc7 Bc8 27.Rxc8 Rxc8 28.Bxd7 Qxb2
29.Bxe8 Rxe8 30.Qxa6 Qb4 31.Rc1 Kh7 32.Qc6 {#r} 1-0

[Event "It (open)"]
[Site "masterchessopen.com San Sebastian (Spain)"]
[Round "-28"]
[White "Romero Holmes Alfonso (ESP)"]
[Black "Sobrevia Luis (ESP)"]
[Result "1-0"]
[WhiteElo "2485"]
[BlackElo "1969"]

1.d4 d5 2.c4 e6 3.Nf3 Nf6 4.g3 Bb4+ 5.Bd2 Be7 6.Bg2 O-O 7.O-O b6 8.cxd5 exd5
9.Nc3 Bb7 10.Qc2 Nbd7 11.Rfd1 c5 12.Bf4 a6 13.dxc5 bxc5 14.Nh4 Nb6 15.Nf5 Ra7
16.Nxd5 Bxd5 17.e4 Nxe4 18.Bxe4 Rd7 19.Nxe7+ Qxe7 20.Bxh7+ Kh8 21.Qf5 g6
22.Qh3 {#r} 1-0

[Event "It (open)"]
[Site "masterchessopen.com Werfen (Austria)"]
[Round "0"]
[White "Biriukov Ilja (RUS)"]
[Black "Palac Mladen (CRO)"]
[Result "0-1"]
[WhiteElo "2410"]
[BlackElo "2495"]

1.d4 d5 2.c4 e6 3.Nf3 Nf6 4.g3 Bb4+ 5.Bd2 Be7 6.Qb3 O-O 7.Bg2 c6 8.Bb4 dxc4
9.Qxc4 Qd5 10.Qc3 Ne4 11.Qa3 Qc4 12.O-O Qxb4 13.Qd3 Nd6 14.Nc3 Nd7 15.e4 f5
16.e5 Nf7 17.a3 Qa5 18.Nd2 Qd8 19.f4 Nb6 20.Nf3 Nd5 21.h3 b6 22.Kh2 Bb7
23.Nxd5 cxd5 24.g4 g6 25.g5 Rc8 26.h4 Qd7 27.Rf2 h5 28.gxh6 Nxh6 29.Bh3 Kh7
30.Rg1 Rg8 31.Kh1 Rg7 32.Rh2 Rh8 33.Rhg2 Qd8 34.h5 Rhg8 35.Ng5+ Bxg5 36.fxg5
gxh5 37.gxh6 Rxg2 38.Rxg2 Rxg2 39.Kxg2 Qg5+ 40.Kf3 h4 41.Qb5 Qg3+ 42.Ke2 Qh2+
43.Kd1 Qxh3 44.Qd7+ Kxh6 45.Qxe6+ Kg5 46.Qe7+ Kf4 47.Qxb7 Qd3+ 48.Kc1 Qxd4
49.Qh7 Qg1+ 50.Kd2 Qf2+ 51.Kd3 Qg3+ 52.Ke2 h3 53.e6 Qg2+ 54.Kd3 Qe4+ 55.Kd2
Qe3+ 56.Kd1 Qg1+ 57.Ke2 Qg2+ 58.Kd3 h2 59.Qh4+ Kf3 60.Qh5+ Kf2 61.Qxf5+ Qf3+
62.Qxf3+ Kxf3 63.e7 h1=Q 64.e8=Q Qd1+ 65.Kc3 Qc1+ 66.Kd3 Qc4+ 67.Kd2 Qd4+
68.Ke1 Qe3+ 69.Qxe3+ Kxe3 70.b4 Kd3 71.a4 Kc2 {#R} 0-1

[Event "It (open)"]
[Site "masterchessopen.com Gausdal (Norway)"]
[Round "0"]
[White "Skembris Spyridon (GRE)"]
[Black "Tiviakov Sergei (NED)"]
[Result "0-1"]
[WhiteElo "2545"]
[BlackElo "2635"]

1.d4 Nf6 2.c4 e6 3.g3 d5 4.Nf3 Bb4+ 5.Bd2 Be7 6.Bg2 c6 7.Qc2 b6 { !? } 8.O-O
Bb7 ( 8...Nbd7 { !? } ) 9.Rd1 ( 9.Ne5 Nbd7 { !? } ( 9...Nfd7 ) ) ( 9.Bf4 ) (
9.b3 ) 9...O-O ( 9...Nbd7 { = } ) 10.Ne5 ( 10.Bf4 ) ( 10.b3 Nbd7 { !? } )
10...Nfd7 ( 10...Nbd7 { ?! } 11.cxd5 cxd5 ( 11...Nxe5 12.dxe5 Nxd5 13.e4 { ± }
) 12.Nc6 { ± } ) 11.Nd3 ( 11.Nxd7 Nxd7 12.cxd5 ( 12.e4 { = } ) 12...cxd5
13.Nc3 { = } ) 11...Na6 { !? } ( 11...Bf6 12.Bb4 ( 12.e3 Na6 ) 12...Re8 13.e3
Na6 14.Bd6 { ? } ) ( 11...a5 { !? } ) 12.a3 ( 12.e4 dxe4 13.Bxe4 Nf6 ) (
12.cxd5 exd5 { !? } ( 12...cxd5 13.Nc3 { = } ) ) ( 12.b3 ) ( 12.Be1 { !? } ) (
12.Be3 { !? } ) 12...Rc8 ( 12...c5 { ?! } 13.cxd5 { ! } 13...exd5 ( 13...cxd4
{ ? } 14.d6 { +?? } ) ( 13...Bxd5 14.Bxd5 exd5 ) 14.Nf4 { !? } ( 14.Nc3 { ? }
) ) ( 12...Bf6 { !? } ) 13.Be3 ( 13.b4 { ? } 13...Bf6 ) ( 13.Be1 ) ( 13.cxd5
exd5 { ! } ( 13...cxd5 14.Nc3 { = } ) ) 13...Bf6 ( 13...c5 14.dxc5 { ? }
14...Ndxc5 ( 14...bxc5 15.cxd5 ( 15.Nf4 Nb6 ( 15...Nf6 16.Nc3 ) 16.cxd5 exd5
17.Nc3 Nc7 18.Qb3 c4 19.Qa2 ) ) ( 14...Naxc5 15.cxd5 { ! } ( 15.Nxc5 { ?! }
15...Bxc5 16.Bxc5 Rxc5 { ? } ) 15...exd5 { = } ) 15.cxd5 { ! } ( 15.Nxc5 Bxc5
{ ! } ) 15...exd5 ) 14.Nd2 ( 14.b4 { ? } 14...c5 ) 14...Qe7 ( 14...c5 15.dxc5
{ ? } 15...Ndxc5 ( 15...bxc5 16.Nf4 { ? } 16...Nb6 17.cxd5 exd5 18.Ne4 Be7 (
18...Be5 19.Nxc5 ( 19.Nd3 ) ) 19.Nc3 ) ( 15...Naxc5 16.cxd5 ( 16.Nxc5 Nxc5 )
16...Nxd3 17.Qxd3 Bxb2 { ? } ) 16.Nxc5 ( 16.cxd5 Bxd5 ( 16...Nxd3 { !? }
17.Qxd3 Bxb2 ) ( 16...exd5 ) ) 16...Nxc5 17.cxd5 { ? } 17...Bxd5 ( 17...exd5
18.Nf3 Ne4 19.Qb1 { ? } ( 19.Qb3 ) ) 18.Bxd5 Qxd5 19.Rac1 { ! } ) 15.Rac1 c5 {
!? } ( 15...Rfd8 16.b4 { = } ) 16.dxc5 { ? } 16...bxc5 { !? } ( 16...Ndxc5
17.Nxc5 Nxc5 18.cxd5 exd5 { = } ) 17.Nb3 ( 17.Nf4 Nb6 { ? } ) ( 17.b4 { ? } )
17...Nb6 { ! } 18.Na5 { ?! } ( 18.cxd5 c4 { ? } 19.d6 { ? } 19...Qd7 { ? }
20.Bxb7 { ? } 20...cxb3 { ? } ( 20...cxd3 21.Qxd3 Qxb7 22.Na5 { +?? } ) (
20...Qxb7 21.Na5 cxd3 22.Qxd3 { +?? } ) 21.Bxc8 { ? } ( 21.Qxb3 Qxb7 { ? } ) (
21.Qxc8 Rxc8 22.Rxc8+ ( 22.Bxc8 Nxc8 { ? } ) ( 22.Bxa6 Rxc1 { ? } ) 22...Nxc8
23.Bxa6 Nxd6 { ? } ) 21...bxc2 { ? } 22.Bxd7 cxd1=Q+ 23.Rxd1 Nxd7 24.Bxa7 { ?
} ) 18...Ba8 { ! ? } 19.cxd5 { ?! } ( 19.Bd2 { ? } 19...d4 20.b4 { ? } )
19...exd5 { ? } 20.Bxc5 ( 20.Nxc5 d4 { ??+ } ) ( 20.Bh3 d4 { ! } 21.Bxc8 Rxc8
{ ??+ } ) 20...Nxc5 21.Nxc5 Nc4 { ! } ( 21...Bxb2 22.Qxb2 Rxc5 23.Rxc5 Qxc5 {
? } ) 22.Nd3 ( 22.b4 Nxa5 23.bxa5 Rc7 { !! } 24.Bxd5 Rfc8 { ??+ } 25.Bxa8 Rxc5
) ( 22.Ncb3 Nxa5 23.Qxc8 Nxb3 { ??+ } ) ( 22.Nab3 Bxb2 { ??+ } ) ( 22.Na4 Nxb2
( 22...Nb6 23.Nc5 { ? } ) ( 22...Bg5 23.f4 { ? } ( 23.e3 Nxe3 24.Qxc8 Nxd1 {
??+ } ) ) 23.Qxc8 Nxd1 { ? } 24.Qc2 Nxf2 { ! } 25.Kxf2 Bd4+ 26.Ke1 ( 26.Kf1
Qe3 { ??+ } ) 26...Qe3 { ??+ } ) 22...Nxb2 23.Qxc8 Nxd1 { ??+ } 24.Nc6 ( 24.e3
Qxa3 25.Qc2 Nxe3 ) ( 24.Qc2 Nc3 25.e3 Qxa3 26.Nb3 ) 24...Qxe2 25.Qf5 Nc3
26.Nce5 Qd2 27.Re1 { ?! } ( 27.Rf1 Qg5 { ! } 28.Qxg5 Bxg5 ) 27...Bxe5 28.Rxe5
Ne2+ 29.Rxe2 ( 29.Kf1 Nd4 ) 29...Qxe2 30.h4 ( 30.Bxd5 g6 ) 30...g6 { } {#R}
0-1

[Event "It (open)"]
[Site "masterchessopen.com Hamburg (Germany)"]
[Round "4"]
[White "Giemsa Stephan (GER)"]
[Black "Dizdar Goran (CRO)"]
[Result "0-1"]
[WhiteElo "2283"]
[BlackElo "2495"]

1.Nf3 d5 2.d4 Nf6 3.c4 e6 4.g3 Bb4+ 5.Bd2 Be7 6.Bg2 c6 7.Qc2 O-O 8.O-O b6
9.Bf4 Bb7 10.Rd1 Na6 11.Nbd2 Rc8 12.e4 c5 13.exd5 exd5 14.Bh3 Nb4 15.Qb3 dxc4
16.Nxc4 Qd5 17.Bg2 Qh5 18.dxc5 Bxc5 19.Bd6 Ng4 20.Bxc5 Qxc5 21.Ne3 Nxe3
22.Qxe3 Qxe3 23.fxe3 Nc2 24.Rac1 Nxe3 25.Rxc8 Rxc8 26.Rd7 Be4 27.Ne1 Nxg2
28.Nxg2 g5 29.Ne3 a5 30.Ng4 Kg7 31.Ne5 Rc1+ 32.Kf2 Rc2+ 33.Ke3 Bg6 34.Rd2 Rc5
35.Kd4 Rb5 36.b3 Bf5 37.Nc4 Be6 38.Ne3 Rb4+ 39.Kc3 Re4 40.Nc2 h5 41.Rd6 b5
42.Nd4 b4+ 43.Kd3 Re1 44.Nxe6+ fxe6 45.Ra6 Re5 46.Kd4 Kf6 47.Kc4 Kf5 48.Ra8
Kg4 49.Rh8 Re2 {#R} 0-1

[Event "It (open)"]
[Site "masterchessopen.com Neuwied (Germany)"]
[Round "0"]
[White "Roos Thomas (GER)"]
[Black "Delanoy Arnaud (FRA)"]
[Result "1-0"]
[WhiteElo "2193"]
[BlackElo "2190"]

1.d4 d5 2.c4 e6 3.Nf3 Nf6 4.g3 Bb4+ 5.Bd2 a5 6.Nc3 dxc4 7.Bg2 O-O 8.O-O Bd7
9.Ne5 Bc6 10.Nxc6 Nxc6 11.e3 e5 12.Bxc6 bxc6 13.dxe5 Bxc3 14.Bxc3 Ne4 15.Qg4
Nxc3 16.bxc3 Qd5 17.Rfd1 Qxe5 18.Qxc4 Qb5 19.Qf4 Qc5 20.Qd4 Qa3 21.Qc4 Rad8
22.Rab1 Rd6 23.Rd4 h6 24.Rb7 c5 25.Rf4 Rd1+ 26.Kg2 Qc1 27.Rxf7 Rg1+ 28.Kh3
Rxf7 29.Rb8+ Kh7 30.Qxf7 Qxc3 31.Qf5+ g6 32.Qe6 h5 33.Rg8 Rd1 34.Qxg6# 1-0

[Event "It (open)"]
[Site "masterchessopen.com Bad Ragaz (Switzerland)"]
[Round "0"]
[White "Bezold Michael (GER)"]
[Black "Kunze Kerstin (GER)"]
[Result "1-0"]
[WhiteElo "2475"]
[BlackElo "2136"]

1.d4 Nf6 2.Nf3 d5 3.c4 e6 4.g3 Bb4+ 5.Bd2 Bxd2+ 6.Nbxd2 O-O 7.Bg2 Na6 8.Rc1
dxc4 9.O-O c5 10.Nxc4 cxd4 11.Nxd4 Qe7 12.Ne5 Nd5 13.Qb3 Nc5 14.Qa3 Na6
15.Qxe7 Nxe7 16.Rfd1 Nb4 17.Nb5 a6 18.Nd6 f6 19.Ndc4 Nxa2 20.Ra1 Nb4 21.Nb6
Rb8 22.Rac1 Nbc6 23.Nxc8 Nxc8 24.Nd7 N8e7 25.Nxb8 Rxb8 26.Rd7 Kf8 27.Rc2 Ke8
28.Bxc6 bxc6 29.Ra7 Rb6 30.Rd2 Nd5 31.e4 {#r} 1-0

[Event "It (open)"]
[Site "masterchessopen.com Limerick (Ireland)"]
[Round "6"]
[White "Baburin Alexander (IRL)"]
[Black "Daly Colm (FID)"]
[Result "1-0"]
[WhiteElo "2515"]
[BlackElo "2265"]

1.d4 Nf6 2.c4 e6 3.g3 d5 4.Nf3 Bb4+ 5.Bd2 Be7 6.Bg2 O-O 7.O-O Nbd7 8.cxd5 exd5
9.Nc3 c6 10.Qc2 Re8 11.Bf4 Bf8 12.Rad1 h6 13.Rfe1 Nb6 14.Ne5 a5 15.h3 a4 16.g4
Be6 17.b3 axb3 18.axb3 Qc8 19.Nd3 Nbd7 20.Na4 b5 21.Nac5 Nxc5 22.Nxc5 Bxc5
23.Qxc5 h5 24.f3 hxg4 25.hxg4 Ra2 26.Ra1 Rxa1 27.Rxa1 Bxg4 28.fxg4 Qxg4 29.e3
Re6 30.Qc2 Ne4 31.Qd1 Qh4 32.Bxe4 dxe4 33.Ra8+ Kh7 34.Ra2 Rg6+ 35.Rg2 Qh3
36.Rxg6 Kxg6 37.d5 cxd5 38.Qxd5 Qf5 39.Qc6+ Kh5 40.Kh2 g5 41.Bg3 Kg4 42.Qc2
Qf3 43.Qg2 Qxg2+ 44.Kxg2 f5 45.Be1 Kh5 46.Kh3 Kg6 47.Ba5 Kh5 48.Bd8 Kg6 49.Kg2
Kh5 50.Kf2 Kg4 51.Ke2 f4 52.Kf2 Kf5 53.Ba5 Kg4 54.Bd2 Kf5 55.Kg2 Kg4 56.Bc1
Kf5 57.Kh3 g4+ 58.Kg2 f3+ 59.Kg3 Kg5 60.Bd2 Kh5 61.Bb4 Kg5 62.Bd6 Kh5 63.Kf2
Kh4 64.Bf4 Kh3 65.Bg3 b4 66.Bd6 Kh4 67.Bxb4 g3+ 68.Kg1 Kh3 69.Be1 f2+ 70.Bxf2
gxf2+ 71.Kxf2 {#r} 1-0

[Event "It (open)"]
[Site "masterchessopen.com St. Ingbert (Germany)"]
[Round "5"]
[White "Falk Ulrich Dr (GER)"]
[Black "Galdunts Sergey (ARM)"]
[Result "0-1"]
[WhiteElo "2238"]
[BlackElo "2475"]

1.d4 d5 2.Nf3 Nf6 3.c4 e6 4.g3 Bb4+ 5.Bd2 Be7 6.Qb3 O-O 7.Bg2 c6 8.Bb4 dxc4
9.Qxc4 Qd5 10.Qc3 Ne4 11.Qa3 Qc4 {#R} 0-1